Schaum's outline of theory & problems of statistics (Record no. 7840)

000 -LEADER
fixed length control field 00549nam a2200205 4500
001 - CONTROL NUMBER
control field 7840
003 - CONTROL NUMBER IDENTIFIER
control field BD-DhUET
008 - FIXED-LENGTH DATA ELEMENTS--GENERAL INFORMATION
fixed length control field 141213b/xxu||||| |||| 00| 0 eng d
020 ## - INTERNATIONAL STANDARD BOOK NUMBER
International Standard Book Number 070602271
040 ## - CATALOGING SOURCE
Original cataloging agency DLC
Language of cataloging DLC
Transcribing agency BD-DhUET
082 ## - DEWEY DECIMAL CLASSIFICATION NUMBER
Classification number 519.9
Item number SPI/1961
100 ## - MAIN ENTRY--PERSONAL NAME
Personal name Spiegel , Murray R
245 ## - TITLE STATEMENT
Title Schaum's outline of theory & problems of statistics
250 ## - EDITION STATEMENT
Edition statement 1st ed.
260 ## - PUBLICATION, DISTRIBUTION, ETC. (IMPRINT)
Place of publication, distribution, etc. Singapore
Name of publisher, distributor, etc. McGraw Hill
Date of publication, distribution, etc. 1961
300 ## - PHYSICAL DESCRIPTION
Extent 359 p.
Other physical details ill.
Dimensions 27 cm.
490 ## - SERIES STATEMENT
Series statement Schaum's Outline Series
650 #0 - SUBJECT ADDED ENTRY--TOPICAL TERM
Topical term or geographic name as entry element Statistical mathematics
942 ## - ADDED ENTRY ELEMENTS (KOHA)
Koha item type General Book
Holdings
Location (home branch) Damaged status Date acquired Lost status Sublocation or collection (holding branch) Not for loan Koha date last seen Withdrawn status Koha normalized classification for sorting Shelving location Koha date last borrowed Source of classification or shelving scheme Koha full call number Price effective from Koha issues (times borrowed) Koha item type Piece designation (barcode) Copy number
Central Library, BUET 2014-12-13 Central Library, BUET 2015-08-22 519_900000000000000_SPI_1961Circulation section  519.9/SPI/19612014-12-13 General Book252191
Central Library, BUET 2014-12-13 Central Library, BUET 2017-02-06 519_900000000000000_SPI_1961Circulation section  519.9/SPI/19612014-12-13 General Book661842
Central Library, BUET 2014-12-13 Central Library, BUET 2014-12-13 519_900000000000000_SPI_1961Circulation section  519.9/SPI/19612014-12-13 General Book3453
Central Library, BUET 2014-12-13 Central Library, BUET 2015-08-01 519_900000000000000_SPI_1961Circulation section2015-08-01 519.9/SPI/19612014-12-131General Book564835
Central Library, BUET 2014-12-13 Central Library, BUET 2014-12-13 519_900000000000000_SPI_1961Circulation section  519.9/SPI/19612014-12-13 General Book318476
Central Library, BUET 2014-12-13 Central Library, BUET 2014-12-13 519_900000000000000_SPI_1961Circulation section  519.9/SPI/19612014-12-13 General Book318287
Central Library, BUET 2014-12-13 Central Library, BUET 2014-12-13 519_900000000000000_SPI_1961Circulation section  519.9/SPI/19612014-12-13 General Book318438